Il est cinq heures, Paris s'éveille (Jacques Dutronc) - Paroles - Statistiques

Statistiques générales
  • Ce quiz a été pris 699 fois
    378 depuis la dernière actualisation
  • Le résultat moyen est 144 sur 207
Statistiques - réponses
Paroles % Correct
s'
100%
est
99%
heure
99%
Il
99%
Paris
99%
cinq
98%
éveille
98%
éveille
98%
éveille.
98%
C'
97%
L'
95%
l'
95%
le
93%
Le
93%
heures
92%
a
91%
À
91%
la
87%
La
87%
de
85%
Je
85%
je
85%
Les
83%
les
83%
n'
83%
se
81%
Et
79%
et
79%
pas
73%
place
73%
suis
71%
sommeil.
70%
sont
70%
ai
69%
mauvaise
66%
mine.
66%
dauphin
64%
Dauphine,
63%
me
60%
57%
Blanche
55%
on
52%
dans
51%
lève.
51%
coucher.
50%
plein
49%
plus
47%
une
47%
vais
47%
balais.
46%
balayeurs
46%
qu'
46%
des
45%
café
44%
vont
44%
rhabillées.
39%
leurs
38%
boulangers
37%
by
37%
stripteaseuses
37%
gare
36%
sur
36%
lard.
35%
Montparnasse
35%
night
35%
travestis
35%
lait
34%
Tour
34%
Eiffel
33%
nettoient
33%
tasses
33%
tranche
33%
nuit
32%
raser
32%
Villette
32%
Arc
31%
boulevard
31%
cafés
31%
carcasse.
31%
glaces.
31%
camions
30%
fatigués.
30%
Triomphe
30%
aux
29%
font
28%
bâtards.
26%
journée.
26%
froid
25%
Entre
24%
pieds.
24%
amoureux
23%
bien
23%
Obélisque
23%
ils
22%
cars
21%
gares
21%
dressé
20%
ouvriers
20%
regagne
20%
gens
19%
ranimé.
18%
traversins
17%
écrasés
16%
banlieusards
15%
déprimés.
15%
journaux
11%
lèvent,
11%
brimés.
10%
imprimés
10%
Aucun quiz correspondant
Distribution des résultats
% des personnes avec chaque résultat
Percentile par nombre de réponses
Votre historique - résultats
Vous n’avez pas pris ce quiz depuis la dernière actualisation